000 00463nam a2200157 i 4500
001 70648
003 ES-MaACL
005 20230906170858.0
007 t|
008 040729s1911 xxk ||||1| eng d
100 1 _aGardner, Monica M.
_955514
245 1 0 _aAdam Mickiewicz
_b: the national poet of Poland /
_cby Monica M. Gardner.
260 _aLondon :
_bJ.M. Dent & Sons limited,
_c1911.
300 _aXV, 317 p., 1 lam. ;
_c23 cm.
852 _aES-MaACL
_jB-1277
999 _c70648
_d70648